000 01598ngm a22003730a 4500
001 PT26223
003 AR-LpoUNG
005 20210202000407.0
007 vd cvaizq
008 191001s2006||||ag |||||||||||||||||spa d
040 _aAR-LpoUNG
_bspa
_cAR-LpoUNG
_eaacr
041 _aspa
044 _aag
082 0 _a304.809 186c9-10
100 1 _aCampanella, Juan José
_edir.
245 1 0 _aVientos de agua :
_bcapítulos 9 y 10
260 _aBuenos Aires :
_bTelecinco - 100 Bares,
_c2006.
300 _aDVD (140 min.) : son., col.
520 _aCapítulo 9: 1951: Sophie, la mujer de Andrés, frustrada de dar lecciones de piano a infantes, se incorpora como pianista a una orquesta de tango y toca en un cabaret, para vergüenza de Andrés, que le hace un escándalo. Aparece Laia, otro personaje del pasado de Andrés. 2003: se profundiza en Cecilia la crisis de la separación con Ernesto por causa de la distancia. Las sospechas de Ernesto son justificadas. Capítulo 10: 1952: la tragedia de un golpe tremendo a Andrés, en forma coincidente con la muerte de Eva Perón, que llena de tristeza al pueblo argentino. 2003: Cecilia viaja a Madrid para reencontrarse con Ernesto y tratar de superar la crisis por la que atraviesan.
650 4 _aARGENTINA
650 4 _aASPECTOS POLITICOS
650 4 _aESPAÑA
650 4 _aHISTORIA SOCIAL
650 4 _aINMIGRACION
650 4 _aINMIGRANTES
650 4 _aMIGRACION
650 4 _aMIGRANTES
651 4 _aArgentina
653 _aCINE ARGENTINO
653 _aDVD
653 _aVIDEOS
905 _a26223
942 _cDVD
999 _c54770
_d54770